000 00710nam a2200241Ia 4500
003 OSt
005 20220924121339.0
006 a|||||r|||| 00| 0
007 ta
008 220923b |||||||| |||| 00| 0 tel d
024 _a338881
037 _cTextual
040 _aARTS
_cARTS
_btel
041 _2tel
_atel
082 _aO15,1A1:g, 35N0
100 _aNaidu G.Kumaraswamy Au.
_9185442
245 0 _aSrimadramayanamu Kalpavrukshamu-Sabari patra-Oka parisilana
260 _aHyderabad
_bKendra Vidyalayam India
_c1983
300 _a103p.
_ccm.
650 _aSANSKRIT LITERATURE
942 _hO15,1A1:g, 35N0
_cTEXL
_2CC
999 _c407050
_d407050